Sáng tạo tác phẩm báo mạng điện tủ : Sách chuyên khảo
Sách phản ánh những nguyên tắc, những nội dung cơ bản về 8 thể loại hay được sử dụng của báo mạng điện tử.
Αποθηκεύτηκε σε:
| Κύριος συγγραφέας: | |
|---|---|
| Άλλοι συγγραφείς: | , |
| Μορφή: | Βιβλίο |
| Γλώσσα: | Vietnamese |
| Έκδοση: |
H.
Chính trị Quốc gia - Hà Nội
2014
|
| Θέματα: | |
| Ετικέτες: |
Προσθήκη ετικέτας
Δεν υπάρχουν, Καταχωρήστε ετικέτα πρώτοι!
|
| Thư viện lưu trữ: | Thư viện Trường Đại học Nam Cần Thơ |
|---|
| LEADER | 01414nam a22002417a 4500 | ||
|---|---|---|---|
| 001 | NCT_58078 | ||
| 008 | 190116b xxu||||| |||| 00| 0 vie d | ||
| 999 | |c 2811 |d 2811 | ||
| 020 | |a 9786045706886 |c 80000 | ||
| 082 | 0 | 4 | |2 23rd ed. |a 070.4 |b Gi106 |
| 100 | 1 | |a Nguyễn Thị Trường Giang |e Chủ biên | |
| 245 | 1 | 0 | |a Sáng tạo tác phẩm báo mạng điện tủ : |b Sách chuyên khảo |c Nguyễn Thị Trường Giang (chủ biên) ;Nguyễn Trí Nhiệm, Nguyễn Đức Dũng |
| 260 | |a H. |b Chính trị Quốc gia - Hà Nội |c 2014 | ||
| 300 | |a 403 tr. |c 24cm | ||
| 500 | |a ĐTTS ghi: Học viện Báo chí và Tuyên truyền | ||
| 520 | 3 | |a Sách phản ánh những nguyên tắc, những nội dung cơ bản về 8 thể loại hay được sử dụng của báo mạng điện tử. | |
| 653 | |a Quan hệ công chúng (PR) | ||
| 700 | 1 | |a Nguyễn Trí Nhiệm |e Biên soạn | |
| 700 | 1 | |a Nguyễn Đức Dũng |e Biên soạn | |
| 942 | |2 ddc |c BK | ||
| 952 | |0 0 |1 0 |2 ddc |4 0 |6 070_400000000000000_GI106 |7 0 |9 15301 |a 000001 |b 000001 |d 2019-01-16 |o 070.4 Gi106 |p MD.13998 |r 2019-01-16 |v 80000.00 |w 2019-01-16 |y BK | ||
| 952 | |0 0 |1 0 |2 ddc |4 0 |6 070_400000000000000_GI106 |7 0 |9 15302 |a 000001 |b 000001 |d 2019-01-16 |o 070.4 Gi106 |p MD.13999 |r 2019-01-16 |v 80000.00 |w 2019-01-16 |y BK | ||
| 980 | |a Thư viện Trường Đại học Nam Cần Thơ | ||


